000 00677nam a2200241Ia 4500
003 OSt
005 20220928130853.0
006 a|||||r|||| 00| 0
007 ta
008 220927b |||||||| |||| 00| 0 eng d
024 _a145295
037 _cTextual
040 _aSDCL
_cSDCL
_beng
041 _2eng
_aeng
082 _aY.41'N5, K0
100 _aIsabel David
_9476398
245 0 _aRevolution in a Chinese village
_b Ten mile Inn.
260 _aLondon
_bRoutledge and Kegan Paul
_c1960
300 _axxiii,190p.
_ccm.
700 _a Crook David
_9476399
942 _hY.41'N5, K0
_cTEXL
_2CC
999 _c788881
_d788881